000 00313nam a2200133Ia 4500
008 240624s9999 xx 000 0 und d
041 _aeng
082 _a823 RAJ
100 _aRAJAGOPALAN USHA
245 _aAMRITA
260 _c2004
_aNew Delhi
_bRupa & Company
300 _a333 : p. : cm. ; 20
365 _cRS
_b75
999 _c8571
_d8571